000 00473nam a22001457a 4500
003 SGT
082 _a618.92
_bS21K
100 _aKADIYAN, PRIYANKA
245 _aSTUDY OF ENTERIC FEVER IN CHILDREN BY CLINICAL LABORATORY PROFILE AND SONOGRAPHIC EVALUATION OF GALL BLADDER IN SGT MEDICAL COLLAGE, HOSPITAL & RESEARCH INSTITUTE GURUGRAM ( DELHI/NCR )
260 _aGURUGRAM
_bSGT UNIVERSITY
_c2021
300 _a59
650 _aPEDIATRICS
653 _aM.D
942 _2ddc
_cTH
999 _c26559
_d26559